Probability and Statistics for Engineering and the Sciences_9th Edition (Record no. 38069)
[ view plain ]
| 000 -LEADER | |
|---|---|
| fixed length control field | 01103nam a22001697a 4500 |
| 020 ## - INTERNATIONAL STANDARD BOOK NUMBER | |
| ISBN | 9789353506247 |
| 082 ## - DEWEY DECIMAL CLASSIFICATION NUMBER | |
| Classification number | 519.2 DEV |
| 100 ## - MAIN ENTRY--AUTHOR NAME | |
| Personal name | Jay Devore |
| 245 ## - TITLE STATEMENT | |
| Title | Probability and Statistics for Engineering and the Sciences_9th Edition |
| 250 ## - EDITION STATEMENT | |
| Edition statement | 9 |
| 260 ## - PUBLICATION, DISTRIBUTION, ETC. (IMPRINT) | |
| Name of publisher | Cengage |
| Place of publication | New Delhi |
| Year of publication | 2025 |
| 300 ## - PHYSICAL DESCRIPTION | |
| Number of Pages | 768 |
| Other physical details | Item Weight : 451 g Dimensions : 20 x 14 x 4 cm |
| 520 ## - SUMMARY, ETC. | |
| Summary, etc | This market-leading text provides a comprehensive introduction to probability and statistics for engineering students in all specialties. Proven, accurate and lauded for its excellent examples, PROBABILITY AND STATISTICS FOR ENGINEERING AND THE SCIENCES, 8e, evidences Jay Devore's reputation as an outstanding author and leader in the academic community. Devore emphasizes concepts, models, methodology and applications as opposed to rigorous mathematical development and derivations. Aided by his lively and realistic examples, students go beyond simply learning about statistics?they also learn how to put statistical methods to use. |
| 650 ## - SUBJECT ADDED ENTRY--TOPICAL TERM | |
| Topical Term | APD |
| 942 ## - ADDED ENTRY ELEMENTS (KOHA) | |
| Koha item type | Text Book |
| 952 ## - LOCATION AND ITEM INFORMATION (KOHA) | |
| Damaged status | |
| Not for loan | |
| Withdrawn status | Collection code | Permanent Location | Current Location | Shelving location | Date acquired | Source of acquisition | Cost, normal purchase price | Inventory number | Full call number | Accession Number | Price effective from | Koha item type |
|---|---|---|---|---|---|---|---|---|---|---|---|---|
| MATHEMATICS | VAST Central Library | VAST Central Library | S-148/AS | 14/11/2025 | Minerva Books | 850.00 | 86 | 519.2 DEV | 38181 | 02/12/2025 | Text Book |